[Event "CHI-ch U20 Girls"]
[Site "Quirihue"]
[Date "2022.01.20"]
[Round "7"]
[White "Gomez Barrera, Javiera Belen"]
[Black "Tapia Navea, Martina"]
[Result "1-0"]
[WhiteElo "2222"]
[BlackElo "1002"]
[PlyCount "83"]
[EventDate "2022.01.17"]
[EventType "swiss"]
[EventRounds "9"]
[EventCountry "CHI"]
[SourceTitle "CBM 206 Extra"]
[Source "ChessBase"]
[SourceDate "2022.03.31"]
[SourceVersion "1"]
[SourceVersionDate "2022.03.31"]
[SourceQuality "1"]

1. e4 e5 2. Nf3 Nc6 3. Bb5 Nf6 4. Qe2 Bc5 5. c3 0-0 6. 0-0 d6 7. Rd1 a6 8. Ba4 Be6 9. d4 b5 10. Bc2 Bc4 11. Bd3 Bxd3 12. Qxd3 Bb6 13. dxe5 dxe5 14. Qe2 Qe7 15. Be3 Rad8 16. Nbd2 b4 17. Bxb6 cxb6 18. Qxa6 Qd6 19. h3 bxc3 20. bxc3 Nb8 21. Qb5 Nbd7 22. Qe2 Nc5 23. Nc4 Qc6 24. Ncxe5 Qxe4 25. Qb2 Na4 26. Qb3 Nd5 27. Rd4 Nc5 28. Rxe4 Nxb3 29. axb3 Nxc3 30. Re3 Rd1+ 31. Rxd1 Nxd1 32. Rd3 Nb2 33. Rd2 f6 34. Nc6 Ra8 35. Rxb2 Ra1+ 36. Kh2 g5 37. Re2 Kg7 38. Nfd4 Kg6 39. g4 h5 40. Nf5 h4 41. Re7 b5 42. Rg7# 1-0

[Event "CHI-ch U20 Girls"]
[Site "Quirihue"]
[Date "2022.01.18"]
[Round "2"]
[White "Tapia Navea, Martina"]
[Black "Hormazabal Figueroa, Constanza Valentina"]
[Result "0-1"]
[WhiteElo "1002"]
[BlackElo "1702"]
[PlyCount "86"]
[EventDate "2022.01.17"]
[EventType "swiss"]
[EventRounds "9"]
[EventCountry "CHI"]
[SourceTitle "CBM 206 Extra"]
[Source "ChessBase"]
[SourceDate "2022.03.31"]
[SourceVersion "1"]
[SourceVersionDate "2022.03.31"]
[SourceQuality "1"]

1. e4 c6 2. Nc3 d5 3. exd5 cxd5 4. f4 Nf6 5. Nf3 Nc6 6. Bd3 Qb6 7. Na4 Qa5 8. c3 b5 9. b4 Qxa4 10. Qxa4 bxa4 11. Bb5 Bd7 12. 0-0 e6 13. Re1 Bd6 14. d4 0-0 15. Bd2 Ne4 16. Rac1 Nxd2 17. Nxd2 Bxf4 18. Re2 Rfd8 19. c4 Nxd4 20. Rf2 Be3 21. Rd1 Ne2+ 22. Kf1 Nc3 23. Re1 Bxf2 24. Kxf2 Nxb5 25. cxb5 Bxb5 26. Re5 Rac8 27. Nf3 Rc2+ 28. Kg3 Re2 29. Rg5 h6 30. Rg4 Re4 31. Rxe4 dxe4 32. Ne5 f6 33. Ng4 Rd3+ 34. Kh4 Be8 35. g3 Rd2 36. Kh3 Rxa2 37. b5 Bxb5 38. Ne3 Bd7 39. g4 Ra3 40. Kh4 Rxe3 41. h3 g5+ 42. Kh5 Be8+ 43. Kxh6 Rxh3# 0-1